000
00303nam a2200133Ia 4500
005
20251222141800.0
008
251222s9999||||xx |||||||||||||| ||spa||
082
_a
980/B17
100
_a
Balzan, Luigi
245
2
_a
A Carretón y Canoa:
250
_a
1ra.ed.
264
_b
Editorial Plural
942
_c
LIB
999
_c
6123
_d
6123